Statistics for Heaviest Populated Cities In JETPUNK Countries

Click here to take the quiz!

General Stats

  • This quiz has been taken 15 times
  • The average score is 12 of 20

Answer Stats

PopulationAnswer% Correct
8.1 MillionTokyo
100%
7 MillionLondon
92%
8 MillionNew York
92%
2.8 MillionChicago
85%
3.6 MillionLos Angeles
85%
2.4 MillionAddis Ababa
77%
8.2 MillionIstanbul
77%
2.1 MillionNagoya
77%
2.5 MillionOsaka
69%
6.8 MillionCairo
54%
9.3 MillionKarachi
54%
5.1 MillionLahore
54%
5.6 MillionLima
54%
3.3 MillionAlexandria
46%
2.9 MillionAnkara
46%
2.7 MillionPyongyang
46%
7.5 MillionBangkok
38%
3.4 MillionYokohama
38%
2.2 MillionGiza
15%
2.5 MillionKiev
15%

Score Distribution

Percentile by Number Answered

Percent of People with Each Score

Your Score History

You have not taken this quiz